00559nam a22001572 4500001001100000005001700011008004100028020002600069040001500095100003500110245014000145260003700285300001600322650003100338700003200369000000846820151217152034.0080415s xx 000 0 eng d a0875523900 :cKES 700 aKABUcKABU1 aMacNair, Donald J.@000015905114aThe Practices of a healthy church :bBiblical strategies for vibrant church life and ministry /cDonald J. MacNair with Esther L. Meek. aPhillipsburg, NJ. :bP&R,c1999. axv, 253 p. 0aChurch growth.@00001590521 aMeek, Esther L.@0000159053